Giáo trình kinh tế công cộng

Giáo trình giới thiệu tổng quan về kinh tế công cộng, Cơ sở kinh tế, xã hội cho sự can thiệp của nhà nước, ngoại ứng, hàng hóa công cộng, chi tiêu công và phân tích tài chính chi tiêu công, thuế và tác động của thuế......

Полное описание

Сохранить в:
Библиографические подробности
Главный автор: Đặng, Văn Du
Формат:
Язык:Undetermined
Опубликовано: Hà Nội Tài chính 2001
Предметы:
Метки: Добавить метку
Нет меток, Требуется 1-ая метка записи!
Thư viện lưu trữ: Trung tâm Học liệu Trường Đại học Cần Thơ
LEADER 00958nam a2200229Ia 4500
001 CTU_110363
008 210402s9999 xx 000 0 und d
020 |c 30000 
082 |a 339 
082 |b D500 
100 |a Đặng, Văn Du 
245 0 |a Giáo trình kinh tế công cộng 
245 0 |c Đặng Văn Du, Hoàng Thị Thuý Nguyệt 
260 |a Hà Nội 
260 |b Tài chính 
260 |c 2001 
520 |a Giáo trình giới thiệu tổng quan về kinh tế công cộng, Cơ sở kinh tế, xã hội cho sự can thiệp của nhà nước, ngoại ứng, hàng hóa công cộng, chi tiêu công và phân tích tài chính chi tiêu công, thuế và tác động của thuế... 
526 |a Kinh tế công 
526 |b KTH602 
650 |a Macroeconomics 
904 |i Tuyến 
980 |a Trung tâm Học liệu Trường Đại học Cần Thơ